000
00229nam a2200097Ia 4500
008
120527s9999 xx 000 0 und d
100
_a
Goldberg,L.
245
_a
Massage and aromatheraphy.
260
_b
Stanley,Thomas
942
_c
BK
999
_c
22441
_d
22441